000 00305nam a22001337a 4500
008 171023b xxu||||| |||| 00| 0 eng d
020 _a9780136152705
041 _aeng
080 _29 ED
_a338
100 _a54
101 _aMEN
245 _aEFFECTIVE SMALL BUSSINESS
_cWILSON.D.L
942 _2udc
_cBK
999 _c35422
_d35422